Ч. 1; Дифракционный структурный анализ

Մատենագիտական մանրամասներ
Parent link:Дифракционный структурный анализ: учебное пособие для вузов/ А. С. Илюшин, А. П. Орешко. Ч. 1.— 2-е изд., испр. и доп..— , 2019.— 978-5-534-04317-4
Ամփոփում:Настоящее учебное пособие состоит из двух частей. В первой части показана природа рентгеновских лучей, основные понятия и элементы структурной кристаллографии, теорема преобразования Фурье, рассеяние излучений атомом, а также представлены методы дифракционного структурного анализа. Во второй части дано применение синхротронного излучения для структурного анализа кристаллов, представлена аппаратура для дифракционных структурных исследований, показано применение дифракционного структурного анализа.
Լեզու:ռուսերեն
Հրապարակվել է: 2019
Խորագրեր:
Ձևաչափ: Գիրք
KOHA link:https://koha.lib.tpu.ru/cgi-bin/koha/opac-detail.pl?biblionumber=333258

MARC

LEADER 00000nam2a2200000 4500
001 333258
005 20231102004534.0
010 |a 9785534043167 
035 |a (RuTPU)RU\TPU\book\359253 
090 |a 333258 
100 |a 20170608d2019 m y0rusy50 ca 
101 0 |a rus 
102 |a RU 
105 |a a j 000zy 
200 0 |a Ч. 1 
210 |d 2019 
215 |a 327 с.  |c ил. 
330 |a Настоящее учебное пособие состоит из двух частей. В первой части показана природа рентгеновских лучей, основные понятия и элементы структурной кристаллографии, теорема преобразования Фурье, рассеяние излучений атомом, а также представлены методы дифракционного структурного анализа. Во второй части дано применение синхротронного излучения для структурного анализа кристаллов, представлена аппаратура для дифракционных структурных исследований, показано применение дифракционного структурного анализа. 
461 1 |0 (RuTPU)RU\TPU\book\236609  |y 978-5-534-04317-4  |t Дифракционный структурный анализ  |o учебное пособие для вузов  |o в 2 ч.  |f А. С. Илюшин, А. П. Орешко  |v Ч. 1  |e 2-е изд., испр. и доп.  |d 2019  |s Авторский учебник 
606 1 |a Структурный анализ, дифракционный  |2 stltpush  |3 (RuTPU)RU\TPU\subj\57965  |9 75810 
610 1 |a физика 
610 1 |a рентгеновские лучи 
610 1 |a исторические обзоры 
610 1 |a структурная кристаллография 
610 1 |a дифракция 
610 1 |a кристаллы 
610 1 |a ряды Фурье 
610 1 |a структурный анализ 
610 1 |a рассеяние 
610 1 |a атомы 
610 1 |a рентгеновское излучение 
610 1 |a методы 
610 1 |a интенсивность 
610 1 |a преобразование Фурье 
610 1 |a учебные пособия 
675 |a 539.26(075.8)  |v 4 
801 1 |a RU  |b 63413507  |c 20170608 
801 2 |a RU  |b 63413507  |c 20190626  |g RCR 
942 |c BK 
959 |a 4/20170125  |d 1  |e 1518,00  |f ЧЗТЛ:1